[Event "Uppsala Young Champions 2016"]
[Site "Uppsala Schackcentrum, Sweden"]
[Date "2016.10.28"]
[Round "1.8"]
[White "Seo, Jung Min"]
[Black "Buchert, Vitus"]
[Result "1-0"]
[BlackElo "1782"]
[WhiteElo "2131"]
[LiveChessVersion "1.4.8"]

1. e4 {[%clk 1:30:35]} c5 {[%clk 1:30:40]} 2. Nf3 {[%clk 1:31:02]} d6
{[%clk 1:31:06]} 3. c3 {[%clk 1:30:50]} Nf6 {[%clk 1:30:22]} 4. Bc4
{[%clk 1:31:14]} Nc6 {[%clk 1:29:40]} 5. d3 {[%clk 1:30:35]} Bd7 {[%clk 1:28:35]}
6. Bb3 {[%clk 1:28:47]} Na5 {[%clk 1:21:26]} 7. Bc2 {[%clk 1:28:13]} g6
{[%clk 1:20:37]} 8. Nbd2 {[%clk 1:28:12]} Bg7 {[%clk 1:20:53]} 9. O-O
{[%clk 1:28:36]} O-O {[%clk 1:20:33]} 10. Re1 {[%clk 1:27:43]} e5
{[%clk 1:17:52]} 11. Nf1 {[%clk 1:24:00]} b5 {[%clk 1:13:50]} 12. Ng3
{[%clk 1:20:13]} Qc7 {[%clk 1:09:05]} 13. h3 {[%clk 1:16:22]} Nb7
{[%clk 1:06:41]} 14. Nh2 {[%clk 1:10:06]} Nd8 {[%clk 1:01:57]} 15. Be3
{[%clk 0:53:28]} Ne6 {[%clk 1:00:50]} 16. Ng4 {[%clk 0:52:11]} a5
{[%clk 0:54:45]} 17. Qd2 {[%clk 0:45:14]} b4 {[%clk 0:51:10]} 18. Nxf6+
{[%clk 0:39:35]} Bxf6 {[%clk 0:51:07]} 19. Ne2 {[%clk 0:37:19]} Bg7
{[%clk 0:46:21]} 20. Rac1 {[%clk 0:34:54]} Qb6 {[%clk 0:33:21]} 21. Bb3
{[%clk 0:34:05]} bxc3 {[%clk 0:31:46]} 22. bxc3 {[%clk 0:32:53]} Bb5
{[%clk 0:28:34]} 23. Red1 {[%clk 0:24:10]} Qa6 {[%clk 0:23:21]} 24. a4
{[%clk 0:22:55]} Bc6 {[%clk 0:23:00]} 25. Qc2 {[%clk 0:22:09]} Rac8
{[%clk 0:20:33]} 26. f4 {[%clk 0:19:31]} exf4 {[%clk 0:16:13]} 27. Nxf4
{[%clk 0:19:57]} Nxf4 {[%clk 0:16:23]} 28. Bxf4 {[%clk 0:20:26]} Qa7
{[%clk 0:15:25]} 29. Be3 {[%clk 0:18:33]} Qe7 {[%clk 0:14:47]} 30. Bf2
{[%clk 0:17:17]} Rfd8 {[%clk 0:12:55]} 31. Qa2 {[%clk 0:16:59]} Bd7
{[%clk 0:05:24]} 32. Rf1 {[%clk 0:15:58]} Be6 {[%clk 0:05:29]} 33. Bd5
{[%clk 0:14:33]} c4 {[%clk 0:03:41]} 34. dxc4 {[%clk 0:14:24]} Bxd5
{[%clk 0:04:02]} 35. exd5 {[%clk 0:14:48]} Qe4 {[%clk 0:03:13]} 36. c5
{[%clk 0:14:28]} dxc5 {[%clk 0:02:47]} 37. Rfe1 {[%clk 0:14:39]} Qxd5
{[%clk 0:02:44]} 38. Re8+ {[%clk 0:15:03]} Bf8 {[%clk 0:02:22]} 39. Qxd5
{[%clk 0:15:29]} Bg7 40. Qa2+ 1-0

[Event "Uppsala Young Champions 2016"]
[Site "Uppsala Schackcentrum, Sweden"]
[Date "2016.10.28"]
[Round "1.9"]
[White "Jäppinen, Erland"]
[Black "Nilsson, Joakim"]
[Result "1/2-1/2"]
[BlackElo "2059"]
[WhiteElo "1768"]
[LiveChessVersion "1.4.8"]

1. d4 {[%clk 1:28:28]} Nf6 {[%clk 1:30:49]} 2. c4 {[%clk 1:28:36]} e6
{[%clk 1:31:10]} 3. Nc3 {[%clk 1:28:29]} Bb4 {[%clk 1:31:09]} 4. e3
{[%clk 1:28:47]} d5 {[%clk 1:29:42]} 5. Bd3 {[%clk 1:27:11]} O-O {[%clk 1:28:45]}
6. cxd5 {[%clk 1:27:10]} exd5 {[%clk 1:29:02]} 7. f3 {[%clk 1:26:58]} c5
{[%clk 1:26:00]} 8. Nge2 {[%clk 1:27:03]} cxd4 {[%clk 1:23:30]} 9. exd4
{[%clk 1:27:13]} h6 {[%clk 1:21:07]} 10. O-O {[%clk 1:26:00]} Nc6
{[%clk 1:17:05]} 11. Be3 {[%clk 1:19:20]} Re8 {[%clk 1:16:24]} 12. Bf2
{[%clk 1:18:13]} Nh5 {[%clk 1:07:53]} 13. Bc2 {[%clk 1:09:25]} Qg5
{[%clk 1:03:18]} 14. Qd3 {[%clk 0:55:04]} g6 {[%clk 1:03:05]} 15. f4
{[%clk 0:46:58]} Qd8 {[%clk 1:02:05]} 16. Qf3 {[%clk 0:41:15]} Bxc3
{[%clk 0:49:14]} 17. bxc3 {[%clk 0:36:10]} Ng7 {[%clk 0:48:39]} 18. g4
{[%clk 0:33:12]} f5 {[%clk 0:42:44]} 19. h3 {[%clk 0:26:57]} Qd7 {[%clk 0:36:51]}
20. g5 {[%clk 0:26:00]} hxg5 {[%clk 0:36:32]} 21. fxg5 {[%clk 0:26:14]} Qe7
{[%clk 0:36:02]} 22. Rae1 {[%clk 0:21:57]} Qxg5+ {[%clk 0:36:06]} 23. Kh2
{[%clk 0:19:05]} Be6 {[%clk 0:32:59]} 24. Rg1 {[%clk 0:18:53]} Qf6
{[%clk 0:31:50]} 25. Nf4 {[%clk 0:18:18]} Bf7 {[%clk 0:32:07]} 26. Nxd5
{[%clk 0:17:20]} Qd6+ {[%clk 0:32:07]} 27. Nf4 {[%clk 0:17:01]} Rxe1
{[%clk 0:31:39]} 28. Bxe1 {[%clk 0:17:17]} Nh5 {[%clk 0:25:58]} 29. Bg3
{[%clk 0:16:04]} Nxg3 {[%clk 0:26:12]} 30. Rxg3 {[%clk 0:11:35]} Ne7
{[%clk 0:20:26]} 31. Bb3 {[%clk 0:06:35]} Rc8 {[%clk 0:20:12]} 32. Bxf7+
{[%clk 0:06:36]} Kxf7 {[%clk 0:20:00]} 33. Nxg6 {[%clk 0:05:03]} Nxg6
{[%clk 0:14:44]} 34. Qxf5+ {[%clk 0:05:20]} Qf6 {[%clk 0:14:54]} 35. Qxc8
{[%clk 0:05:42]} Qf2+ {[%clk 0:15:12]} 36. Rg2 {[%clk 0:05:48]} Qf4+
{[%clk 0:15:30]} 37. Rg3 {[%clk 0:05:07]} Qf2+ {[%clk 0:15:58]} 38. Rg2
{[%clk 0:05:11]} Qf4+ {[%clk 0:16:26]} 39. Rg3 {[%clk 0:05:28]} Qf2+
{[%clk 0:16:55]} 40. Rg2 {[%clk 0:05:43]} 1/2-1/2

[Event "Uppsala Young Champions 2016"]
[Site "Uppsala Schackcentrum, Sweden"]
[Date "2016.10.28"]
[Round "1.10"]
[White "Crevatin, Leo"]
[Black "Mitra, Akash"]
[Result "1-0"]
[BlackElo "1515"]
[WhiteElo "2030"]
[LiveChessVersion "1.4.8"]

1. d4 {[%clk 1:30:30]} Nf6 {[%clk 1:30:39]} 2. c4 {[%clk 1:30:58]} e6
{[%clk 1:30:57]} 3. Nf3 {[%clk 1:31:23]} Bb4+ {[%clk 1:30:56]} 4. Bd2
{[%clk 1:31:51]} Bxd2+ 5. Nbxd2 {[%clk 1:32:20]} d5 {[%clk 1:31:30]} 6. e3
{[%clk 1:32:42]} O-O {[%clk 1:31:32]} 7. Qc2 {[%clk 1:33:06]} Nbd7
{[%clk 1:30:18]} 8. Rc1 {[%clk 1:32:48]} c6 {[%clk 1:30:03]} 9. Bd3
{[%clk 1:32:26]} Qa5 {[%clk 1:26:56]} 10. O-O {[%clk 1:31:21]} b5 11. cxb5
{[%clk 1:30:03]} cxb5 {[%clk 1:19:01]} 12. Nb3 {[%clk 1:29:14]} Qa4
{[%clk 1:13:20]} 13. Nc5 {[%clk 1:26:01]} Qxc2 {[%clk 1:13:14]} 14. Rxc2
{[%clk 1:26:29]} a6 {[%clk 1:11:14]} 15. Rfc1 {[%clk 1:25:08]} Nxc5
{[%clk 1:08:31]} 16. dxc5 {[%clk 1:24:46]} Ra7 {[%clk 1:06:04]} 17. b4
{[%clk 1:24:03]} Rd8 {[%clk 1:02:09]} 18. Ra1 {[%clk 1:22:40]} Rc7
{[%clk 1:00:12]} 19. a4 {[%clk 1:21:45]} Bd7 {[%clk 0:59:04]} 20. axb5
{[%clk 1:20:58]} Bxb5 {[%clk 0:54:12]} 21. Bxb5 {[%clk 1:21:20]} axb5
{[%clk 0:54:39]} 22. Ra5 {[%clk 1:21:27]} Rb8 {[%clk 0:53:59]} 23. Nd4
{[%clk 1:21:42]} Ne8 {[%clk 0:50:39]} 24. h3 {[%clk 1:18:43]} h6 {[%clk 0:44:57]}
25. Rxb5 {[%clk 1:18:09]} Rxb5 {[%clk 0:43:49]} 26. Nxb5 {[%clk 1:18:37]} Rb7
{[%clk 0:43:45]} 27. Nd6 {[%clk 1:18:56]} Nxd6 {[%clk 0:44:09]} 28. cxd6
{[%clk 1:19:24]} Rd7 {[%clk 0:43:14]} 29. Rc6 {[%clk 1:18:40]} f6
{[%clk 0:42:39]} 30. b5 {[%clk 1:18:18]} Kf8 {[%clk 0:42:02]} 31. b6
{[%clk 1:18:40]} e5 {[%clk 0:40:00]} 32. Rc8+ {[%clk 1:18:57]} Kf7
{[%clk 0:40:17]} 33. Rc7 {[%clk 1:18:48]} Ke6 {[%clk 0:40:37]} 34. Rxd7
{[%clk 1:19:04]} Kxd7 {[%clk 0:40:59]} 35. b7 {[%clk 1:19:30]} 1-0

[Event "Uppsala Young Champions 2016"]
[Site "Uppsala Schackcentrum, Sweden"]
[Date "2016.10.29"]
[Round "2.1"]
[White "Keinänen, Toivo"]
[Black "Stefansson, Vignir Vatnar"]
[Result "0-1"]
[BlackElo "2163"]
[WhiteElo "2345"]
[LiveChessVersion "1.4.8"]

1. c4 {[%clk 1:30:57]} e5 {[%clk 1:30:54]} 2. g3 {[%clk 1:31:17]} h5
{[%clk 1:31:20]} 3. Nc3 {[%clk 1:25:17]} Nc6 {[%clk 1:30:52]} 4. Nf3
{[%clk 1:25:10]} Bc5 {[%clk 1:28:08]} 5. d3 {[%clk 1:17:56]} Nge7
{[%clk 1:28:21]} 6. Bg2 {[%clk 1:17:02]} d6 {[%clk 1:28:41]} 7. a3
{[%clk 1:14:19]} a5 {[%clk 1:29:04]} 8. O-O {[%clk 1:11:52]} Ng6 {[%clk 1:24:25]}
9. Rb1 {[%clk 1:03:12]} h4 {[%clk 1:20:27]} 10. Bg5 {[%clk 0:58:24]} f6
{[%clk 1:20:29]} 11. Bxh4 {[%clk 0:58:46]} Bg4 {[%clk 1:14:39]} 12. Ne4
{[%clk 0:52:59]} Bxf3 {[%clk 1:10:56]} 13. Bxf3 {[%clk 0:53:22]} Nxh4
{[%clk 1:11:20]} 14. gxh4 {[%clk 0:53:45]} f5 {[%clk 1:09:29]} 15. Ng5
{[%clk 0:43:36]} Rxh4 {[%clk 1:09:49]} 16. Ne6 {[%clk 0:42:18]} Qe7
{[%clk 1:09:48]} 17. Bd5 {[%clk 0:36:17]} Nd8 {[%clk 1:08:23]} 18. Nxc5
{[%clk 0:35:34]} Qg5+ {[%clk 1:06:44]} 19. Bg2 {[%clk 0:35:29]} dxc5
{[%clk 1:05:23]} 20. e3 {[%clk 0:30:00]} Ne6 {[%clk 1:04:45]} 21. Qf3
{[%clk 0:28:11]} Ke7 {[%clk 1:04:54]} 22. h3 {[%clk 0:23:57]} Rah8
{[%clk 1:04:03]} 23. Qg3 {[%clk 0:23:39]} Qf6 {[%clk 1:04:12]} 24. f4
{[%clk 0:22:12]} exf4 {[%clk 1:03:26]} 25. exf4 {[%clk 0:22:41]} Qd4+
{[%clk 1:03:12]} 26. Kh1 {[%clk 0:21:39]} Nxf4 {[%clk 1:00:43]} 27. Rbe1+
{[%clk 0:20:14]} Kf6 {[%clk 1:00:30]} 28. Rf3 {[%clk 0:17:58]} Rxh3+
{[%clk 1:00:17]} 29. Bxh3 {[%clk 0:18:14]} Rxh3+ {[%clk 1:00:45]} 30. Qxh3
{[%clk 0:18:34]} Nxh3 {[%clk 1:01:10]} 31. Rxh3 {[%clk 0:19:01]} Qxb2
{[%clk 1:01:29]} 32. Rhe3 {[%clk 0:18:16]} Qb6 {[%clk 1:01:21]} 33. Re8
{[%clk 0:17:00]} Qd6 {[%clk 1:01:39]} 34. R8e3 {[%clk 0:15:08]} c6
{[%clk 1:01:59]} 35. Rb1 {[%clk 0:14:29]} Qd4 {[%clk 1:01:31]} 36. Rg3
{[%clk 0:14:52]} f4 {[%clk 1:01:39]} 37. Rh3 {[%clk 0:14:34]} Qd7
{[%clk 1:01:58]} 38. Kh2 {[%clk 0:14:39]} g5 {[%clk 1:02:20]} 39. Rg1
{[%clk 0:13:04]} g4 {[%clk 1:02:19]} 40. Rh4 {[%clk 0:10:59]} Kg5
{[%clk 1:02:23]} 41. Rh8 {[%clk 0:11:26]} g3+ {[%clk 1:02:44]} 42. Kg2
{[%clk 0:11:30]} Qxd3 {[%clk 1:03:03]} 43. Rg8+ {[%clk 0:11:51]} Kf6
{[%clk 1:03:21]} 44. Rf8+ {[%clk 0:12:04]} Ke7 {[%clk 1:03:16]} 45. Rxf4
{[%clk 0:11:43]} Qd2+ {[%clk 1:03:39]} 46. Kf3 {[%clk 0:11:56]} Qf2+
{[%clk 1:04:01]} 0-1

[Event "Uppsala Young Champions 2016"]
[Site "Uppsala Schackcentrum, Sweden"]
[Date "2016.10.29"]
[Round "2.2"]
[White "Storme, Isak"]
[Black "Jogstad, Martin"]
[Result "0-1"]
[BlackElo "2298"]
[WhiteElo "2153"]
[LiveChessVersion "1.4.8"]

1. d4 {[%clk 1:30:00]} d5 {[%clk 1:30:52]} 2. c4 {[%clk 1:29:33]} c6
{[%clk 1:31:20]} 3. Nf3 {[%clk 1:29:54]} Nf6 {[%clk 1:31:15]} 4. Nc3
{[%clk 1:30:18]} dxc4 {[%clk 1:31:12]} 5. a4 {[%clk 1:30:41]} Bf5
{[%clk 1:30:23]} 6. e3 {[%clk 1:31:03]} e6 {[%clk 1:29:14]} 7. Bxc4
{[%clk 1:31:13]} Bb4 {[%clk 1:26:23]} 8. O-O {[%clk 1:30:45]} Nbd7
{[%clk 1:25:31]} 9. Qb3 {[%clk 1:05:59]} a5 {[%clk 1:23:30]} 10. Na2
{[%clk 1:01:54]} Be7 {[%clk 1:21:05]} 11. Nc3 {[%clk 0:52:26]} O-O
{[%clk 0:58:34]} 12. Re1 {[%clk 0:43:43]} Bb4 {[%clk 0:54:13]} 13. Bd2
{[%clk 0:43:08]} Bg6 {[%clk 0:53:06]} 14. Rad1 {[%clk 0:37:00]} Qe7
{[%clk 0:51:30]} 15. Ne2 {[%clk 0:33:53]} Bd6 {[%clk 0:49:40]} 16. Nf4
{[%clk 0:32:38]} Bf5 {[%clk 0:45:17]} 17. Bc3 {[%clk 0:29:17]} Bg4
{[%clk 0:33:28]} 18. Be2 {[%clk 0:26:36]} Rfb8 {[%clk 0:20:19]} 19. Ne5
{[%clk 0:22:51]} Bxe2 {[%clk 0:18:49]} 20. Rxe2 {[%clk 0:22:49]} Ne4
{[%clk 0:16:03]} 21. Nfd3 {[%clk 0:21:15]} Bxe5 {[%clk 0:13:51]} 22. Nxe5
{[%clk 0:21:11]} Nxe5 {[%clk 0:13:42]} 23. dxe5 {[%clk 0:21:35]} b5
{[%clk 0:09:43]} 24. axb5 {[%clk 0:21:08]} cxb5 {[%clk 0:09:39]} 25. f3
{[%clk 0:20:23]} Nc5 {[%clk 0:08:47]} 26. Qc2 {[%clk 0:20:46]} Rc8
{[%clk 0:08:28]} 27. Bd4 {[%clk 0:20:17]} Na6 {[%clk 0:07:37]} 28. Qe4
{[%clk 0:17:07]} Nb4 {[%clk 0:07:33]} 29. Red2 {[%clk 0:17:07]} g6
{[%clk 0:07:01]} 30. Qb1 {[%clk 0:16:53]} Qb7 {[%clk 0:06:33]} 31. e4
{[%clk 0:16:49]} Rc7 {[%clk 0:05:18]} 32. Bc3 {[%clk 0:14:49]} Nc6
{[%clk 0:05:39]} 33. b4 {[%clk 0:13:54]} a4 {[%clk 0:05:52]} 34. Qd3
{[%clk 0:14:02]} Rd8 {[%clk 0:04:56]} 35. Qe3 {[%clk 0:14:08]} Rxd2
{[%clk 0:04:36]} 36. Qxd2 {[%clk 0:13:10]} Rc8 {[%clk 0:02:53]} 37. Qe2
{[%clk 0:10:46]} a3 {[%clk 0:02:05]} 38. Rd6 {[%clk 0:10:03]} Qa7+
{[%clk 0:02:08]} 39. Kf1 {[%clk 0:09:49]} a2 {[%clk 0:02:26]} 40. Qd1
{[%clk 0:09:38]} Kg7 {[%clk 0:00:51]} 41. Rd7 {[%clk 0:04:59]} Qa4
{[%clk 0:00:48]} 42. Qe1 {[%clk 0:03:57]} Nb8 {[%clk 0:00:47]} 43. Qh4
{[%clk 0:02:19]} Nxd7 {[%clk 0:00:51]} 0-1

[Event "Uppsala Young Champions 2016"]
[Site "Uppsala Schackcentrum, Sweden"]
[Date "2016.10.29"]
[Round "2.3"]
[White "Johannesson, Oliver Aron"]
[Black "Seo, Jung Min"]
[Result "1/2-1/2"]
[BlackElo "2131"]
[WhiteElo "2263"]
[LiveChessVersion "1.4.8"]

1. d4 {[%clk 1:30:55]} Nf6 {[%clk 1:30:30]} 2. c4 {[%clk 1:31:12]} c6
{[%clk 1:30:47]} 3. Nc3 {[%clk 1:29:40]} d5 {[%clk 1:31:12]} 4. cxd5
{[%clk 1:27:51]} cxd5 {[%clk 1:31:01]} 5. Bf4 {[%clk 1:28:14]} Nc6
{[%clk 1:31:09]} 6. e3 {[%clk 1:28:38]} e6 {[%clk 1:25:21]} 7. Bd3
{[%clk 1:28:54]} Be7 {[%clk 1:24:40]} 8. Nge2 {[%clk 1:27:16]} Nh5
{[%clk 1:23:11]} 9. Be5 {[%clk 1:26:21]} Nxe5 {[%clk 1:17:17]} 10. dxe5
{[%clk 1:26:43]} g6 {[%clk 1:17:46]} 11. Nd4 {[%clk 1:24:17]} Bd7
{[%clk 1:15:42]} 12. O-O {[%clk 1:24:37]} f6 {[%clk 1:02:07]} 13. Qg4
{[%clk 1:13:01]} f5 {[%clk 0:46:59]} 14. Qe2 {[%clk 1:12:01]} O-O
{[%clk 0:46:58]} 15. f4 {[%clk 1:05:20]} Ng7 {[%clk 0:45:34]} 16. g4
{[%clk 0:59:25]} Bc5 {[%clk 0:37:58]} 17. h3 {[%clk 0:57:03]} Qb6
{[%clk 0:36:57]} 18. Qf2 {[%clk 0:53:15]} Bxd4 {[%clk 0:33:40]} 19. exd4
{[%clk 0:53:32]} Rac8 {[%clk 0:31:07]} 20. a4 {[%clk 0:48:16]} Qa5
{[%clk 0:23:09]} 21. Qe3 {[%clk 0:35:21]} Qb4 {[%clk 0:21:07]} 22. Rf2
{[%clk 0:35:26]} a6 {[%clk 0:19:41]} 23. Rg2 {[%clk 0:30:57]} Kh8
{[%clk 0:18:02]} 24. Kh1 {[%clk 0:25:47]} Rf7 {[%clk 0:16:40]} 25. a5
{[%clk 0:20:31]} Rcf8 {[%clk 0:15:50]} 26. Rf2 {[%clk 0:18:53]} Qe7
{[%clk 0:15:36]} 27. g5 {[%clk 0:17:21]} Qb4 {[%clk 0:15:55]} 28. Rc2
{[%clk 0:14:52]} Rc8 {[%clk 0:15:03]} 29. h4 {[%clk 0:14:43]} Rff8
{[%clk 0:14:20]} 30. Be2 {[%clk 0:12:57]} Rfd8 {[%clk 0:12:15]} 31. Rd2
{[%clk 0:12:57]} Be8 {[%clk 0:11:43]} 32. Ra3 {[%clk 0:11:45]} Rc7
{[%clk 0:10:40]} 33. Kg1 {[%clk 0:09:04]} Rdc8 {[%clk 0:10:57]} 34. Kf2
{[%clk 0:08:50]} Kg8 {[%clk 0:10:44]} 35. Kg1 {[%clk 0:09:00]} Bd7
{[%clk 0:10:27]} 36. Kf2 {[%clk 0:09:21]} Be8 {[%clk 0:10:54]} 37. Kg1
{[%clk 0:09:39]} Bd7 {[%clk 0:11:19]} 38. Kf2 {[%clk 0:10:04]} Be8 1/2-1/2

[Event "Uppsala Young Champions 2016"]
[Site "Uppsala Schackcentrum, Sweden"]
[Date "2016.10.29"]
[Round "2.4"]
[White "Crevatin, Leo"]
[Black "Ragnarsson, Dagur"]
[Result "0-1"]
[BlackElo "2232"]
[WhiteElo "2030"]
[LiveChessVersion "1.4.8"]

1. d4 {[%clk 1:30:58]} f5 {[%clk 1:30:54]} 2. Bf4 {[%clk 1:30:42]} Nf6
{[%clk 1:31:10]} 3. e3 {[%clk 1:31:07]} g6 {[%clk 1:31:36]} 4. h4
{[%clk 1:30:57]} h6 {[%clk 1:32:01]} 5. Bd3 {[%clk 1:30:42]} d6 {[%clk 1:32:09]}
6. c4 {[%clk 1:28:37]} Bg7 {[%clk 1:31:56]} 7. Nf3 {[%clk 1:24:17]} e6
{[%clk 1:32:03]} 8. Nc3 {[%clk 1:24:31]} Qe7 {[%clk 1:32:28]} 9. Qd2
{[%clk 1:20:36]} Nc6 {[%clk 1:26:41]} 10. d5 {[%clk 1:12:53]} e5 {[%clk 1:26:52]}
11. Bh2 {[%clk 1:08:57]} Nb4 {[%clk 1:17:17]} 12. Bb1 {[%clk 1:06:25]} a5
{[%clk 1:17:10]} 13. a3 {[%clk 1:06:18]} Na6 {[%clk 1:17:33]} 14. Bc2
{[%clk 1:06:11]} Nc5 {[%clk 1:17:02]} 15. Ke2 {[%clk 1:00:43]} a4
{[%clk 1:11:54]} 16. Nb5 {[%clk 0:51:52]} Nfe4 {[%clk 1:10:05]} 17. Qb4
{[%clk 0:49:37]} b6 {[%clk 0:56:23]} 18. Nd2 {[%clk 0:44:24]} Nxd2
{[%clk 0:51:19]} 19. Kxd2 {[%clk 0:42:13]} O-O {[%clk 0:51:18]} 20. g3
{[%clk 0:38:47]} Ra5 {[%clk 0:46:46]} 21. Ke2 {[%clk 0:36:01]} Na6
{[%clk 0:38:22]} 22. Qd2 {[%clk 0:35:41]} Bd7 {[%clk 0:38:06]} 23. Bxa4
{[%clk 0:27:58]} Rxa4 {[%clk 0:36:50]} 24. b3 {[%clk 0:28:10]} Ra5
{[%clk 0:37:15]} 25. b4 {[%clk 0:28:03]} Bxb5 {[%clk 0:34:44]} 26. bxa5
{[%clk 0:27:36]} Bxc4+ {[%clk 0:35:08]} 27. Ke1 {[%clk 0:27:12]} Nc5
{[%clk 0:32:39]} 28. Rb1 {[%clk 0:27:01]} bxa5 {[%clk 0:32:22]} 29. f3
{[%clk 0:26:42]} e4 {[%clk 0:32:38]} 30. f4 {[%clk 0:26:49]} Nd3+
{[%clk 0:32:28]} 31. Kd1 {[%clk 0:27:06]} Qf7 {[%clk 0:31:20]} 32. Bg1
{[%clk 0:27:18]} Qxd5 {[%clk 0:31:43]} 33. Rh2 {[%clk 0:27:41]} h5
{[%clk 0:31:25]} 34. Kc2 {[%clk 0:27:08]} Ba2 {[%clk 0:29:52]} 0-1

[Event "Uppsala Young Champions 2016"]
[Site "Uppsala Schackcentrum, Sweden"]
[Date "2016.10.29"]
[Round "2.5"]
[White "Nilsson, Joakim"]
[Black "Emmoth, Alfons"]
[Result "0-1"]
[BlackElo "1899"]
[WhiteElo "2059"]
[LiveChessVersion "1.4.8"]

1. Nf3 {[%clk 1:30:58]} Nf6 {[%clk 1:31:02]} 2. b3 {[%clk 1:31:09]} g6
{[%clk 1:31:22]} 3. Bb2 {[%clk 1:31:47]} Bg7 {[%clk 1:31:16]} 4. g3 O-O
{[%clk 1:31:30]} 5. Bg2 {[%clk 1:32:13]} d6 {[%clk 1:30:27]} 6. d4
{[%clk 1:32:26]} e5 {[%clk 1:27:16]} 7. O-O {[%clk 1:31:35]} Re8 {[%clk 1:27:03]}
8. dxe5 Nfd7 {[%clk 1:24:59]} 9. c4 {[%clk 1:30:36]} dxe5 {[%clk 1:17:19]} 10.
Nc3 a5 11. Qd2 {[%clk 1:17:24]} Na6 {[%clk 1:10:00]} 12. Rad1 {[%clk 1:14:47]}
Nac5 {[%clk 1:05:14]} 13. Ng5 {[%clk 0:57:46]} h6 {[%clk 0:40:36]} 14. Nge4
{[%clk 0:57:55]} Ne6 {[%clk 0:40:18]} 15. Nb5 {[%clk 0:52:43]} Bf8
{[%clk 0:36:18]} 16. Qc1 {[%clk 0:45:00]} Ng5 {[%clk 0:27:17]} 17. f4
{[%clk 0:36:55]} Nxe4 {[%clk 0:20:52]} 18. Bxe4 {[%clk 0:36:36]} f5
{[%clk 0:19:50]} 19. Bd5+ {[%clk 0:36:22]} Kh7 {[%clk 0:19:46]} 20. fxe5
{[%clk 0:35:34]} c6 {[%clk 0:17:27]} 21. Bf7 {[%clk 0:30:49]} cxb5
{[%clk 0:16:27]} 22. Qf4 {[%clk 0:27:55]} Ra6 {[%clk 0:13:46]} 23. cxb5
{[%clk 0:26:15]} Rae6 {[%clk 0:13:16]} 24. Rd5 {[%clk 0:24:22]} Qe7
{[%clk 0:12:23]} 25. Bxe8 {[%clk 0:21:51]} Qxe8 {[%clk 0:12:50]} 26. e4
{[%clk 0:19:05]} Bc5+ {[%clk 0:10:12]} 27. Kg2 {[%clk 0:19:05]} b6
{[%clk 0:10:12]} 28. Qd2 {[%clk 0:15:10]} fxe4 {[%clk 0:07:57]} 29. Qf4
{[%clk 0:14:06]} Kg7 {[%clk 0:07:34]} 30. Rfd1 {[%clk 0:13:02]} e3
{[%clk 0:07:18]} 31. Kf1 {[%clk 0:11:47]} g5 {[%clk 0:05:22]} 32. Qf5
{[%clk 0:10:48]} Kg8 {[%clk 0:05:11]} 33. Ke2 {[%clk 0:11:01]} Qh5+
{[%clk 0:04:47]} 34. g4 {[%clk 0:09:34]} Qxh2+ {[%clk 0:04:26]} 35. Kd3
{[%clk 0:09:24]} Nf8 36. Bd4 {[%clk 0:07:17]} e2 {[%clk 0:02:43]} 37. Rc1
{[%clk 0:07:04]} Qg3+ {[%clk 0:02:43]} 38. Kd2 {[%clk 0:07:25]} Bb4+
{[%clk 0:02:35]} 39. Kxe2 {[%clk 0:07:37]} Qg2+ {[%clk 0:01:58]} 40. Qf2
{[%clk 0:08:00]} Qxd5 {[%clk 0:01:52]} 41. Rxc8 {[%clk 0:08:20]} Qe4+
{[%clk 0:01:57]} 42. Kf1 {[%clk 0:08:36]} Qxg4 {[%clk 0:02:08]} 43. Rc7
{[%clk 0:08:35]} Qd1+ {[%clk 0:02:19]} 44. Kg2 {[%clk 0:08:16]} Qd2
{[%clk 0:02:12]} 45. Qxd2 {[%clk 0:08:27]} Bxd2 {[%clk 0:02:41]} 46. Rc6
{[%clk 0:08:43]} Kf7 {[%clk 0:02:14]} 47. Rxb6 {[%clk 0:07:53]} Rxb6
{[%clk 0:02:19]} 48. Bxb6 {[%clk 0:08:22]} Ke6 {[%clk 0:02:38]} 49. Bc7
{[%clk 0:08:26]} Kd7 {[%clk 0:02:56]} 50. Bd6 {[%clk 0:08:42]} Ne6
{[%clk 0:03:10]} 51. Kg3 {[%clk 0:08:26]} h5 {[%clk 0:03:27]} 52. a3
{[%clk 0:07:21]} Nd4 {[%clk 0:03:21]} 53. b6 {[%clk 0:07:32]} Kc6
{[%clk 0:03:24]} 54. b4 {[%clk 0:07:08]} a4 {[%clk 0:03:37]} 55. Bc5
{[%clk 0:07:29]} Ne6 {[%clk 0:03:14]} 56. Kf3 {[%clk 0:07:09]} Nxc5
{[%clk 0:02:40]} 57. bxc5 {[%clk 0:07:37]} g4+ {[%clk 0:03:02]} 58. Kg3
{[%clk 0:07:46]} Bg5 {[%clk 0:03:19]} 59. e6 {[%clk 0:07:54]} Be7
{[%clk 0:03:45]} 0-1

[Event "Uppsala Young Champions 2016"]
[Site "Uppsala Schackcentrum, Sweden"]
[Date "2016.10.29"]
[Round "2.6"]
[White "Tuomainen, Felix"]
[Black "Björkman, Filip"]
[Result "1-0"]
[BlackElo "1976"]
[WhiteElo "2198"]
[LiveChessVersion "1.4.8"]

1. d4 Nf6 2. c4 g6 3. Nf3 Bg7 4. e3 d5 5. cxd5 Nxd5 6. e4 Nb6 7. a4 Bg4 8. a5
Bxf3 9. Qxf3 Nc8 10. d5 O-O 11. Be2 c6 12. O-O cxd5 13. exd5 Nd6 14. Nc3 Nd7 15.
Qh3 Nf6 16. Ra4 Qd7 17. Qxd7 Nxd7 18. Be3 {[%clk 1:12:40]} Rfc8 {[%clk 0:54:09]}
19. Ne4 {[%clk 1:09:38]} f5 {[%clk 0:43:43]} 20. Nxd6 {[%clk 1:09:53]} exd6
{[%clk 0:44:12]} 21. Rb4 {[%clk 1:08:01]} b6 {[%clk 0:39:51]} 22. axb6
{[%clk 1:06:56]} axb6 {[%clk 0:40:14]} 23. Bb5 {[%clk 1:07:01]} Nc5
{[%clk 0:36:33]} 24. Bc6 {[%clk 1:07:25]} Rab8 {[%clk 0:36:45]} 25. Rd1
{[%clk 1:04:48]} Rc7 {[%clk 0:31:46]} 26. h3 {[%clk 0:58:57]} Ra7
{[%clk 0:31:12]} 27. Bf4 {[%clk 0:58:59]} Bf8 {[%clk 0:29:23]} 28. Rbd4
{[%clk 0:58:56]} Ra2 {[%clk 0:26:04]} 29. b4 {[%clk 0:55:39]} Na6
{[%clk 0:26:31]} 30. b5 {[%clk 0:53:27]} Nc7 {[%clk 0:26:49]} 31. R4d2
{[%clk 0:53:14]} Ra4 {[%clk 0:25:39]} 32. Rd4 {[%clk 0:52:19]} Ra2
{[%clk 0:25:59]} 33. Rc4 {[%clk 0:52:36]} Rb2 {[%clk 0:26:01]} 34. Bd7
{[%clk 0:47:23]} Nxb5 {[%clk 0:26:20]} 35. Be6+ {[%clk 0:46:56]} Kg7
{[%clk 0:23:24]} 36. Re1 {[%clk 0:46:07]} Rb7 {[%clk 0:22:56]} 37. Be3
{[%clk 0:44:17]} Rb3 {[%clk 0:19:38]} 38. Ra1 {[%clk 0:43:01]} Be7
{[%clk 0:18:17]} 39. Ra8 {[%clk 0:42:59]} Rc7 {[%clk 0:01:20]} 40. Rg8+
{[%clk 0:42:20]} Kf6 {[%clk 0:01:49]} 41. Bd4+ {[%clk 0:41:55]} Kg5
{[%clk 0:01:45]} 42. Rxc7 Nxc7 {[%clk 0:02:13]} 43. Rg7 {[%clk 0:37:02]} Rb1+
{[%clk 0:01:54]} 44. Kh2 {[%clk 0:37:26]} Nxe6 {[%clk 0:02:14]} 45. dxe6
{[%clk 0:37:47]} Bf6 {[%clk 0:02:25]} 46. h4+ {[%clk 0:37:59]} Kh6
{[%clk 0:01:54]} 47. Bxf6 {[%clk 0:38:22]} Re1 {[%clk 0:01:41]} 48. Re7
{[%clk 0:38:40]} 1-0